2024 NCAA Tournament Teams - Statistics

General Stats
  • This quiz has been taken 12,145 times
  • The average score is 38 of 68
Answer Stats
Region Seed Team % Correct
West 1 North Carolina
93%
South 4 Duke
85%
Midwest 7 Texas
85%
East 1 UConn
85%
West 4 Alabama
81%
South 3 Kentucky
81%
South 7 Florida
79%
Midwest 4 Kansas
79%
Midwest 1 Purdue
79%
West 2 Arizona
77%
West 9 Michigan State
76%
Midwest 2 Tennessee
76%
South 1 Houston
75%
Midwest 11 Oregon
73%
South 10 Colorado
71%
East 3 Illinois
71%
South 11 NC State
71%
Midwest 5 Gonzaga
70%
East 2 Iowa State
70%
Midwest 10 Virginia
69%
East 4 Auburn
66%
South 5 Wisconsin
66%
West 5 Saint Mary's
65%
Midwest 6 South Carolina
64%
South 9 Texas A&M
63%
South 6 Texas Tech
63%
West 3 Baylor
62%
West 6 Clemson
60%
South 8 Nebraska
60%
Midwest 10 Colorado State
59%
East 13 Yale
59%
West 8 Mississippi State
58%
West 11 New Mexico
58%
East 5 San Diego State
58%
East 7 Washington State
58%
East 6 BYU
57%
South 2 Marquette
57%
Midwest 3 Creighton
55%
West 10 Nevada
54%
Midwest 8 Utah State
54%
East 9 Northwestern
52%
East 8 FAU
50%
Midwest 9 TCU
48%
South 14 Oakland
46%
South 10 Boise State
45%
East 15 South Dakota State
45%
South 13 Vermont
44%
West 7 Dayton
42%
South 12 James Madison
42%
East 10 Drake
40%
East 11 Duquesne
40%
Midwest 15 St. Peter's
40%
West 12 Grand Canyon
39%
Midwest 12 McNeese State
36%
Midwest 14 Akron
34%
Midwest 16 Grambling State
34%
Midwest 16 Montana State
34%
West 16 Howard
33%
Midwest 13 Samford
33%
East 12 UAB
33%
West 16 Wagner
33%
East 16 Stetson
32%
West 14 Colgate
31%
South 15 Western Kentucky
31%
West 13 Charleston
30%
West 15 Long Beach State
30%
East 14 Morehead State
30%
South 16 Longwood
29%
No matching quizzes found
Score Distribution
Percent of People with Each Score
Percentile by Number Answered
Your Score History
You have not taken this quiz